000 00906nam a2200217Ia 4500
003 OSt
005 20241007142150.0
007 ca aa aaaaa
008 201103s9999 xx 000 0 und d
040 _cSSBUL
041 _abur
082 _223
_a၂၉၄.၃၃၆၈ ရွှေ
_b၉၁၀၈ S-SAT
100 0 _aရွှေမင်းဝံဆရာတော်။
_917282
245 1 0 _aဓမ္မကဗျာဆောင်ပုဒ်ပဒေသာ /
_cရွှေမင်းဝံဆရာတော်။
260 _aရန်ကုန် ၊
_bရွှေပြည်သာစာပေ၊
_c၂၀၁၂။
300 _aန၊ ၂၄၇ စာမျက်နှာ ၊
_c၁၈ စင်တီ။
500 _aS-SAT: Dr. Sai Aung Tun
650 _aဗုဒ္ဓဘာသာ
_xလင်္ကာ
_954922
650 _aဗုဒ္ဓဘာသာ
_xကဗျာ
942 _2ddc
_cBK1
999 _c16648
_d16648